Funding regeneration (Record no. 108413)
[ view plain ]
| 000 -LEADER | |
|---|---|
| fixed length control field | 01177cad a22002175a 4500 |
| 001 - CONTROL NUMBER | |
| control field | L144224 |
| 008 - FIXED-LENGTH DATA ELEMENTS--GENERAL INFORMATION | |
| fixed length control field | 080704s2008 xxk f 000 0 eng d |
| 035 ## - SYSTEM CONTROL NUMBER | |
| System control number | (Sirsi) u144224 |
| 041 0# - LANGUAGE CODE | |
| Language code of text/sound track or separate title | eng |
| 050 04 - LIBRARY OF CONGRESS CALL NUMBER | |
| Classification number | 320.22 $2 22 |
| 110 2# - MAIN ENTRY--CORPORATE NAME | |
| Corporate name or jurisdiction name as entry element | BPF/Davis Langdon |
| 9 (RLIN) | 5564 |
| 245 00 - TITLE STATEMENT | |
| Title | Funding regeneration |
| Remainder of title | a guide to maximising public sector grants |
| Medium | [electronic resource] |
| 250 ## - EDITION STATEMENT | |
| Edition statement | 2nd ed. |
| 260 ## - PUBLICATION, DISTRIBUTION, ETC. | |
| Place of publication, distribution, etc. | London |
| Name of publisher, distributor, etc. | BPF |
| Date of publication, distribution, etc. | 2008 |
| 520 ## - SUMMARY, ETC. | |
| Summary, etc. | Guide which offers practical advice and tips to developers seeking public funding for regeneration projects. Aims to simplify the funding maze that puts off developers taking from advantage of the wide variety of grants that are available. Provides step-by-step guidance on how to apply successfully for the right public sector funding. Lists the main bodies that offer this financial support. Provides a long list of funding opportunities. |
| 590 ## - LOCAL NOTE (RLIN) | |
| Local note | KA |
| 651 #4 - SUBJECT ADDED ENTRY--GEOGRAPHIC NAME | |
| Geographic name | England and Wales |
| Chronological subdivision | 1543- |
| 690 ## - LOCAL SUBJECT ADDED ENTRY--TOPICAL TERM (OCLC, RLIN) | |
| Topical term or geographic name as entry element | PROPERTY-PROPERTY FINANCE AND INVESTMENT |
| 856 40 - ELECTRONIC LOCATION AND ACCESS | |
| Uniform Resource Identifier | <a href="https://www.bpf.org.uk/en/files/bpf_documents/Funding_regeneration_final_printed_version.pdf">https://www.bpf.org.uk/en/files/bpf_documents/Funding_regeneration_final_printed_version.pdf</a> |
| Public note | View this item free of charge at the www.bpf.org.uk website. |
| 942 ## - ADDED ENTRY ELEMENTS (KOHA) | |
| Suppress in OPAC | 0 |
| Withdrawn status | Lost status | Source of classification or shelving scheme | Damaged status | Not for loan | Home library | Current library | Shelving location | Date acquired | Total Checkouts | Full call number | Barcode | Date last seen | Copy number | Price effective from | Koha item type |
|---|---|---|---|---|---|---|---|---|---|---|---|---|---|---|---|
| Dewey Decimal Classification | Virtual | Virtual | Online | 04/07/2008 | ONLINE PUBLICATION | 144224-1001 | 06/08/2019 | 1 | 06/08/2019 | Book |